Can you pick the characters who typically wear glasses? Quiz Stats

Quiz not verified by Sporcle

Challenge
Share
Tweet
Embed
Score 0/16 Timer 03:00
0 Plays Today
% Correct
Harry Potter
94.1%
Clark Kent
93.8%
Milhouse Van Houten
90.7%
Professor Hubert J. Farnsworth
86.8%
Carl Fredricksen
83.7%
Grandpa Smurf
82.9%
Agent Smith
79.6%
Lt. Geordi La Forge
78.6%
% Correct
Doctor Octopus
77%
Peter Griffin
76.7%
Dr. Henry 'Hank' McCoy
76.5%
Mr. Mackey
75.7%
Lt. Raymond Tango
71.8%
Johnny Bravo
64.6%
Blade
63.6%
Danny Dingo
59.7%

You're not logged in!

Compare scores with friends on all Sporcle quizzes.
Join for Free
OR
Log In

You Might Also Like...

Show Comments

Extras

Top Quizzes Today


Score Distribution

Your Account Isn't Verified!

In order to create a playlist on Sporcle, you need to verify the email address you used during registration. Go to your Sporcle Settings to finish the process.

Report this User

Report this user for behavior that violates our Community Guidelines.

Details: